004990000a22001810004500020001400000060000800014082001200022100002000034100002100054100001900075245004100094250000600135260004200141260000900183300000800192490003600200650008100236 a003148286 a100 a543 SKO aHoller, James F aSkoog, Douglas A aWest, Donald M aFundamentals of analytical chemistry a5 aNew York, Saunders college publishing c1988 a894 aSaunders golden sunburst series aAnalytical chemistry/ aqueous - solution chemistry/ equilibrium calculations